[Event "Florianopolis op 11th"]
[Site "Florianopolis"]
[Date "2025.01.23"]
[Round "7"]
[White "Costa, Ricardo Santos"]
[Black "Troche Gonzalez, David Alexander Nah"]
[Result "1/2-1/2"]
[WhiteElo "1778"]
[BlackElo "1475"]
[PlyCount "66"]
[EventDate "2025.01.18"]
[EventType "swiss"]
[EventRounds "10"]
[EventCountry "BRA"]
[SourceTitle "CB05_2025"]
[SourceDate "2025.01.29"]
[SourceVersion "1"]
[SourceVersionDate "2025.01.29"]
[SourceQuality "1"]

1. c4 e5 2. g3 d6 3. Bg2 f5 4. e3 Nf6 5. Nc3 c6 6. Nge2 Be6 7. b3 a5 8. 0-0 Be7 9. d4 e4 10. Nf4 Bf7 11. d5 cxd5 12. Nfxd5 Nxd5 13. Nxd5 Bf6 14. Nxf6+ Qxf6 15. Ba3 Nc6 16. Qxd6 Qxd6 17. Bxd6 Be6 18. Rfd1 Kf7 19. a3 Rhd8 20. Bc7 Rxd1+ 21. Rxd1 Rc8 22. Bb6 Ra8 23. Bf1 a4 24. b4 Ne5 25. Rc1 Rc8 26. Bd4 Nxc4 27. Bxc4 Rxc4 28. Rxc4 Bxc4 29. Kg2 Be2 30. h4 h5 31. b5 g6 32. b6 Ke6 33. Kg1 Kd5 1/2-1/2

[Event "Florianopolis op 11th"]
[Site "Florianopolis"]
[Date "2025.01.20"]
[Round "3"]
[White "Moreira, Iloyziel Joao Da Si"]
[Black "Troche Gonzalez, David Alexander Nah"]
[Result "1-0"]
[WhiteElo "1820"]
[BlackElo "1475"]
[PlyCount "91"]
[EventDate "2025.01.18"]
[EventType "swiss"]
[EventRounds "10"]
[EventCountry "BRA"]
[SourceTitle "CB05_2025"]
[SourceDate "2025.01.29"]
[SourceVersion "1"]
[SourceVersionDate "2025.01.29"]
[SourceQuality "1"]

1. d4 d5 2. Bf4 e6 3. e3 Nf6 4. Nf3 Nbd7 5. c3 b6 6. Bd3 Bb7 7. Nbd2 h6 8. Qe2 Ne4 9. Ne5 Nxe5 10. dxe5 g5 11. Bg3 Nxg3 12. hxg3 f5 13. Qh5+ Kd7 14. g4 fxg4 15. Qxg4 Be7 16. Nf3 c5 17. Bb5+ Bc6 18. Bxc6+ Kxc6 19. Qxe6+ Kc7 20. 0-0-0 Qd7 21. Rxh6 Rxh6 22. Qxh6 Rd8 23. Nxg5 Bxg5 24. Qxg5 Qa4 25. a3 Qe4 26. g3 Qh7 27. Qf4 Kb7 28. e6 Qe7 29. Qf7 Qxf7 30. exf7 Rf8 31. Rxd5 Rxf7 32. Kd2 Rg7 33. g4 Rf7 34. f4 Kc6 35. c4 b5 36. b3 a5 37. Rd3 bxc4 38. bxc4 Rb7 39. Kc2 Rh7 40. g5 Rg7 41. e4 Re7 42. g6 Rxe4 43. g7 Re8 44. f5 Re2+ 45. Rd2 Re8 46. f6 1-0

[Event "Florianopolis op 11th"]
[Site "Florianopolis"]
[Date "2025.01.19"]
[Round "2"]
[White "Troche Gonzalez, David Alexander Nah"]
[Black "Gorgen, Antonio Rebello Hor"]
[Result "1-0"]
[WhiteElo "1475"]
[BlackElo "1723"]
[PlyCount "69"]
[EventDate "2025.01.18"]
[EventType "swiss"]
[EventRounds "10"]
[EventCountry "BRA"]
[SourceTitle "CB05_2025"]
[SourceDate "2025.01.29"]
[SourceVersion "1"]
[SourceVersionDate "2025.01.29"]
[SourceQuality "1"]

1. e4 c5 2. Nf3 Nc6 3. Bb5 a6 4. Bxc6 bxc6 5. d3 g6 6. Nc3 Bg7 7. Be3 Qa5 8. Bd2 Qb6 9. Rb1 d6 10. b3 Bg4 11. Na4 Qc7 12. c4 Nf6 13. h3 Bxf3 14. Qxf3 Nd7 15. Bc3 Bxc3+ 16. Nxc3 Ne5 17. Qg3 e6 18. f4 Nd7 19. Qg5 h5 20. Ke2 h4 21. a4 Rb8 22. Rhc1 Rb7 23. Rb2 Rh5 24. Qg4 Nf6 25. Qf3 Qe7 26. Kd2 g5 27. e5 dxe5 28. fxe5 Nd7 29. Qxh5 Nxe5 30. Qh8+ Kd7 31. Qxe5 f6 32. Qe3 Ke8 33. Re1 Kf7 34. Qe4 Qd6 35. Qh7+ 1-0